| 000 | 00681nam a2200181Ia 4500 | ||
|---|---|---|---|
| 008 | 151018s9999 xx 000 0 und d | ||
| 082 |
_bRBASDV118 _a954 |
||
| 100 | _aका. वि. राजवाडे | ||
| 245 | _aमराठ्यांच्या इतिहासाची साधने | ||
| 250 | _b1 | ||
| 260 | _bक्ष | ||
| 300 | _a820 | ||
| 600 | _aका. वि. राजवाडे | ||
| 630 | _aमराठ्यांच्या इतिहासाची साधने | ||
| 700 | _aका. वि. राजवाडे | ||
| 730 | _aमराठ्यांच्या इतिहासाची साधने | ||
| 942 | _cBOOK | ||
| 999 |
_c1002588 _d1002585 |
||